UN Countries that are NOT recognized by at least one other member - Statistics

General Stats
  • This quiz has been taken 782 times
  • The average score is 5 of 6
Answer Stats
Not Recognized by Country % Correct
North Korea South Korea
96%
France, Japan, South Korea North Korea
93%
Turkey Cyprus
79%
many countries Israel
79%
many countries China
58%
Pakistan Armenia
49%
No matching quizzes found
Score Distribution
Percent of People with Each Score
Percentile by Number Answered
Your Score History
You have not taken this quiz